| 000 | 00799nam a2200193Ia 4500 | ||
|---|---|---|---|
| 008 | 0000001986 cl a 0000000000spa00 | ||
| 090 | _aPSP00 B14j | ||
| 100 | 1 |
_aBalmes, José _d1927 |
|
| 245 | 1 | 0 |
_aJosé Balmes _b: desechos (de olvido y de memoria), obras de 1984-1986 |
| 300 |
_a[8] p. _c/ 24 cm. |
||
| 500 | _aExposición realizada en galeria Carmen Waugh, Santiago de Chile, Septiembre 23 Octubre 13, 1986 \ Con el patronazgo del maestro venezolano Jesús Rafael Soto (q.e.p.d.) | ||
| 600 | 0 | 0 |
_aBALMES, JOSE, 1927/ _xTRABAJOS PICTORICOS |
| 650 | 1 | 4 | _aARTE CONTEMPORANEO ESPAÑOL |
| 650 | 1 | 4 | _xCATALOGOS |
| 650 | 1 | 4 | _xEXPOSICIONES |
| 650 | 1 | 4 | _aPINTORES ESPAÑOLES |
| 650 | 1 | 4 | _aPINTURA ESPAÑOLA |
| 999 |
_c6504 _d6504 |
||
| 260 |
_aSantiago de Chile : Galería Carmen Waugh Casa Larga _c1986 |
||